000 004520000a22001810004500
041 0 _aSPA
082 0 4 _aG 234.8 H464p
100 1 _aHegre, T. A.
245 1 0 _aLibertad del pecado / T. A. Hegre
260 _aPuerto Rico : Betania
300 _a95 Pag
650 1 4 _aSANTIFICACION \ VIDA CRISTIANA
001 4256
942 _cBK
999 _c34866
_d34866
336 _atexto
_btxt
_2rdacontent
337 _2rdamedia
_asin mediación
_bn
338 _2rdacarrier
_avolumen
_bnc